ARRUPE JESUIT UNIVERSITY

CORONAVIRUS -STOP THE SPREAD - CLEAN,DISINFECT,COVER

Chelkash and other stories / (Record no. 123558)

MARC details
000 -LEADER
fixed length control field 00886cam a2200277 a 4500
001 - CONTROL NUMBER
control field 770012
003 - CONTROL NUMBER IDENTIFIER
control field ARRUPE
005 - DATE AND TIME OF LATEST TRANSACTION
control field 20151020143844.0
008 - FIXED-LENGTH DATA ELEMENTS--GENERAL INFORMATION
fixed length control field 890802s1915 nyu 000 1 eng d
035 ## - SYSTEM CONTROL NUMBER
System control number (OCoLC)664804
035 ## - SYSTEM CONTROL NUMBER
System control number (OCoLC)ocm00664804
035 ## - SYSTEM CONTROL NUMBER
System control number (CStRLIN)NYCG89-B56585
035 ## - SYSTEM CONTROL NUMBER
System control number (NNC)770012
040 ## - CATALOGING SOURCE
Original cataloging agency NNC
Transcribing agency NNC
041 1# - LANGUAGE CODE
Language code of text/sound track or separate title eng
Language code of original and/or intermediate translations of text rus
090 ## - LOCALLY ASSIGNED LC-TYPE CALL NUMBER (OCLC); LOCAL CALL NUMBER (OCLC)
Classification number (OCLC) (R) ; Classification number, CALL (RLIN) (NR) PG3463
Local cutter number (OCLC) ; Book number/undivided call number, CALL (RLIN) .A15 1915g
300 ## - PHYSICAL DESCRIPTION
Dimensions 19 cm.
100 1# - MAIN ENTRY--PERSONAL NAME
Personal name Gorky, Maxim,
Dates associated with a name 1868-1936.
9 (RLIN) 20375
245 10 - TITLE STATEMENT
Title Chelkash and other stories /
Statement of responsibility, etc Maxim Gorky.
260 ## - PUBLICATION, DISTRIBUTION, ETC. (IMPRINT)
Place of publication, distribution, etc London :
Name of publisher, distributor, etc Hodder and Stoughton,
Date of publication, distribution, etc 1915.
300 ## - PHYSICAL DESCRIPTION
Extent ix, 244 p. ;
440 ## - SERIES STATEMENT/ADDED ENTRY--TITLE
Title Great Russian fiction
9 (RLIN) 20376
505 0# - FORMATTED CONTENTS NOTE
Formatted contents note Preface -- Comrades -- One autumn night -- In the steppe -- Twenty-six of us and one other -- The green kitten -- A rolling stone -- Her lover -- Chums.
740 01 - ADDED ENTRY--UNCONTROLLED RELATED/ANALYTICAL TITLE
Uncontrolled related/analytical title Chelkash.
942 ## - ADDED ENTRY ELEMENTS (KOHA)
Source of classification or shelving scheme Library of Congress Classification
Koha item type Monograph ( Printed materials)
Holdings
Withdrawn status Lost status Source of classification or shelving scheme Damaged status Not for loan Home library Current library Date acquired Total Checkouts Full call number Barcode Date last seen Price effective from Koha item type
    Library of Congress Classification     ARRUPE LIBRARY ARRUPE LIBRARY 22/10/2015   PZ3.G8725A2 46500004020 22/10/2015 22/10/2015 Monograph ( Printed materials)

 

Arrupe Library. PO Box MP320 Mt Pleasant, Harare, Zimbabwe
263 242 745411|librarian@aju.ac.zw